Phương pháp dạy học lịch sử

Salvato in:
Dettagli Bibliografici
Autore principale: Phạm Ngọc Liên
Natura: Libro
Lingua:Undetermined
Pubblicazione: H. Giáo dục 2003
Soggetti:
Tags: Aggiungi Tag
Nessun Tag, puoi essere il primo ad aggiungerne! !
Thư viện lưu trữ: Trung tâm Học liệu Trường Đại học Cần Thơ
LEADER 00556nam a2200205Ia 4500
001 CTU_60227
008 210402s9999 xx 000 0 und d
020 |b 15400 
082 |a 907 
082 |b L305 
100 |a Phạm Ngọc Liên 
245 0 |a Phương pháp dạy học lịch sử 
245 0 |c Phạm Ngọc Liên và Trần Văn Trị 
260 |a H. 
260 |b Giáo dục 
260 |c 2003 
650 |a history 
650 |x study and teaching 
904 |i Minh 
980 |a Trung tâm Học liệu Trường Đại học Cần Thơ